00568 2200217 4500001002100000005001500021035002000036007000300056008004100059020001800100082000800118084001400126100001700140245007100157250001000228260003100238300002700269650003200296990001000328990001200338INLIS00000000000048420171003024949 a0010-1017000038ta171003 f 0 ind  a979-741-323-3 a297 a297 ESA o0 aEsack, Farid1 aOn Being A Muslim :bMenjadi muslim di Dunia Modern /cFarid Esack aCet.1 aJakarta :bErlangga,c2004 a239hlm ;c15 x 23,5 cm aIslam Sebagai Pedoman Hidup a13637 a13637 a